000 00693cam a2200193K 4500
082 _a531.2
_bLAM
_cL-3, P-4
100 1 _aLamb, Horace,
_939833
245 1 0 _aStatics, including hydrostatics and the elements of the theory of elasticity
_cby Horace Lamb.
260 _aCambridge [Eng.]
_bCambridge University Press,
_c1912.
300 _a1 online resource (xii, 341 p.)
_bdiagrs.
526 _a0
_b0
_c0
_d531_200000000000000_LAM
526 _a0
_b0
_c0
_d531_200000000000000_LAM
650 0 _aElasticity.
_910835
650 0 _aHydrostatics.
_939834
650 0 _aMCE
_9379
650 0 _aStatics.
_91020
856 4 0 _uhttp://catalog.hathitrust.org/api/volumes/oclc/7761307.html
942 _2ddc
_cBK
999 _c544258
_d544258